| 000 | 00383nam a2200145Ia 4500 | ||
|---|---|---|---|
| 008 | 220217s9999||||xx |||||||||||||| ||und|| | ||
| 020 | _a978-0-07-462210-0 | ||
| 082 | _a620.001 KRI | ||
| 100 | _aKrishnamoorthy, C.S | ||
| 245 | 0 | _aFinite element analysis | |
| 250 | _a2nd | ||
| 260 |
_aMc graw hill _bNew Delhi _c2010 |
||
| 300 |
_aXVI, 710p. _b399 |
||
| 650 | _aMECHANICHAL | ||
| 999 |
_c179131 _d179131 |
||